Philadelphia 76ers All Stars: NBA - Statistics

General Stats
  • This quiz has been taken 26 times
  • The average score is 11 of 29
Answer Stats
Career Career With 76ers All Stars Player % Correct
2017- 2017- 7x Joel Embiid
100%
1997-2010 1997-2006, 2010 11x Allen Iverson
86%
2018- 2018-2021 3x Ben Simmons
81%
2021- 2021- 1x Tyrese Maxey
71%
1960-1973 1965-1968 13x Wilt Chamberlain
71%
1992-2009 2001-2002 8x Dikembe Mutombo
67%
2010- 2022-2023 10x James Harden
67%
1972-1987 1977-1987 16x Julius Erving
67%
1975-1995 1983-1986, 1994 13x Moses Malone
67%
1966-1976 1966-1972, 1975-1976 5x Billy Cunningham
62%
1985-2000 1985-1992 11x Charles Barkley
62%
1959-1973 1964-1973 10x Hal Greer
57%
1979-1993 1979-1989 4x Maurice Cheeks
52%
2005-2023 2005-2012 1x Andre Iguodala
38%
1975-1986 1979-1986 5x Bobby Jones
38%
2010- 2010-2013 2x Jrue Holiday
33%
1996-2011 1999-2001 1x Theo Ratliff
19%
1989-2001 1989-1993 1x Hersey Hawkins
14%
1955-1966 1964-1965 3x Red Kerr
14%
1981-1988 1981-1988 2x Andrew Toney
5%
1990-2004 1994-1995 1x Dana Barros
5%
1974-1981 1974-1981 4x Doug Collins
5%
1972-1982 1976-1978 6x George McGinnis
5%
1970-1983 1974-1982 1x Steve Mix
5%
1963-1975 1964-1969 7x Chet Walker
0%
1950-1965 1950-1964 12x Dolph Shayes
0%
1967-1976 1973 1x John Block
0%
1955-1968 1964-1968 6x Larry Costello
0%
1965-1972 1965-1972 1x Luke Jackson
0%
No matching quizzes found
Score Distribution
Percent of People with Each Score
Percentile by Number Answered
Your Score History
You have not taken this quiz